000 00400nam a2200169Ia 4500
008 230524s9999 xx 000 0 und d
020 _a9788131705094
082 _a621.38
_bGHO
100 _aSmarajit Ghosh
245 0 _aElectrical Machine
250 _a1ST
260 _aNEW DELHI
_bPearson
_c2005
300 _aXVI;632
500 _aQuantity Number: 42
650 _aElectrical
942 _cBK
999 _c30734
_d30734